003690000a220010900045001000026000002450034000263000037000607730047000979420008001449520090001529990017002421 aBrooks, Simcha Shalom10aSaul and the Samson narrative aNúm 71 (1996), Páginas 19-250 tJournal for the Study of the Old Testament cANA 001040708HEMaFUSBCbFUSBCd2016-01-26l0o r2016-01-26 00:00:00w2016-01-26yANA c54885d54885